| 000 | 00452nam a2200181Ia 4500 | ||
|---|---|---|---|
| 005 | 20250326144133.0 | ||
| 008 | 250326s9999 xx 000 0 und d | ||
| 037 | _aTextbook | ||
| 040 |
_aFMSL _beng _cFMSL |
||
| 041 |
_aeng _2eng |
||
| 084 |
_aX:9 L26 _qFMSL |
||
| 100 |
_aMANAGEMENT _9749112 |
||
| 245 | 0 |
_aPersonnel _cMANAGEMENT |
|
| 260 |
_aNY _bNY, AMA _c1972 |
||
| 300 | _a69p | ||
| 942 |
_cTB _hX:9 L26 |
||
| 999 |
_c1302513 _d1302513 |
||